[Event "Steinfurt Bezirksklasse 1314"]
[Site "Germany"]
[Date "2014.01.18"]
[Round "4.2"]
[White "Ulbricht Weiss, Wolfgang"]
[Black "Bakker, David"]
[Result "1-0"]
[WhiteElo "1353"]
[BlackElo "1068"]
[PlyCount "67"]
[EventDate "2013.10.05"]
[EventType "team-tourn"]
[EventRounds "9"]
[EventCountry "GER"]
[SourceTitle "EXT 2015"]
[Source "ChessBase"]
[SourceDate "2014.11.20"]
[SourceVersion "1"]
[SourceVersionDate "2014.11.20"]
[SourceQuality "1"]
[WhiteTeam "Rheine CC"]
[BlackTeam "Steinfurt IV"]
[WhiteTeamCountry "GER"]
[BlackTeamCountry "GER"]

1. e4 e5 2. Nf3 Nc6 3. Bc4 d6 4. h3 g6 5. 0-0 Bh6 6. Nc3 Nf6 7. d4 Bxc1 8. Rxc1 Be6 9. d5 Bxh3 10. gxh3 Ne7 11. Nh2 Qd7 12. Qf3 Nh5 13. Bd3 Nf4 14. Ng4 Ng8 15. Ne2 Nh5 16. Ng3 Nf4 17. Ne2 Nh5 18. Qg2 f5 19. Ne3 fxe4 20. Bxe4 0-0-0 21. Qg4 Qxg4+ 22. hxg4 Nf4 23. Nxf4 exf4 24. Ng2 g5 25. Rce1 Nf6 26. c4 Kb8 27. f3 h5 28. Bf5 h4 29. Re6 Nd7 30. Rg6 h3 31. Ne1 Rde8 32. Bxd7 Re2 33. Rxg5 Rg2+ 34. Nxg2 1-0

[Event "Steinfurt Bezirksklasse 0809"]
[Site "Germany"]
[Date "2009.02.07"]
[Round "4.1"]
[White "Ulbricht Weiss, Wolfgang"]
[Black "Menz, Robert"]
[Result "0-1"]
[WhiteElo "1315"]
[BlackElo "1552"]
[PlyCount "117"]
[EventDate "2008.09.13"]
[EventType "team-tourn"]
[EventRounds "7"]
[EventCountry "GER"]
[SourceTitle "EXT 2010"]
[Source "ChessBase"]
[SourceDate "2010.11.25"]
[SourceVersion "1"]
[SourceVersionDate "2010.11.25"]
[SourceQuality "1"]
[WhiteTeam "Rheine CC"]
[BlackTeam "Saerbeck III"]
[WhiteTeamCountry "GER"]
[BlackTeamCountry "GER"]

1. e4 e5 2. Nf3 Nf6 3. Nc3 Nc6 4. a3 Bc5 5. Bb5 d6 6. Bxc6+ bxc6 7. b4 Bb6 8. Bb2 a6 9. 0-0 Bg4 10. h3 Bh5 11. d3 0-0 12. Na4 Ba7 13. c4 Nd7 14. Rc1 Bg6 15. c5 f5 16. exf5 Bxf5 17. d4 e4 18. Nh2 Qg5 19. Qb3+ Kh8 20. Qg3 Qxg3 21. fxg3 e3 22. Rfe1 Rae8 23. cxd6 cxd6 24. Rxc6 Bb8 25. Nc3 Bd3 26. Nf3 Nf6 27. d5 Ne4 28. Nxe4 Rxe4 29. Ng5 Re7 30. Ne6 Rfe8 31. Rxe3 Ba7 32. Rxd6 Bxe3+ 33. Kh2 Kg8 34. Nc5 Bxc5 35. bxc5 Bf1 36. Kg1 Bxg2 37. Kxg2 Re2+ 38. Kf3 Rxb2 39. c6 Rbb8 40. Rd7 Kf8 41. Kf4 Rbd8 42. Rxd8 Rxd8 43. c7 Rc8 44. d6 Ke8 45. Ke5 Kd7 46. Kd5 a5 47. a4 h5 48. h4 Rf8 49. Kc5 g6 50. Kd5 Rf3 51. Kc5 Rxg3 52. Kb5 Rc3 53. Kxa5 Kxd6 54. c8Q Rxc8 55. Kb6 Rc4 56. a5 Rxh4 57. a6 Ra4 58. Kb7 Rxa6 59. Kxa6 0-1

[Event "Steinfurt Bezirksliga 0506"]
[Site "Germany"]
[Date "2005.11.19"]
[Round "3.2"]
[White "Beekhuis, Maarten"]
[Black "Ulbricht Weiss, Wolfgang"]
[Result "1-0"]
[WhiteElo "1630"]
[BlackElo "1207"]
[PlyCount "84"]
[EventDate "2005.09.24"]
[EventType "team-tourn"]
[EventRounds "9"]
[EventCountry "GER"]
[SourceTitle "EXT 2006"]
[Source "ChessBase"]
[SourceDate "2005.11.24"]
[SourceVersion "1"]
[SourceVersionDate "2005.11.24"]
[SourceQuality "1"]
[WhiteTeam "Emsdetten Turm III"]
[BlackTeam "Rheine"]
[WhiteTeamCountry "GER"]
[BlackTeamCountry "GER"]

1. e4 c5 2. c3 Nc6 3. Bb5 e6 4. Nf3 Nge7 5. d4 a6 6. Bxc6 Nxc6 7. d5 exd5 8. exd5 Qe7+ 9. Kd2 Qd6 10. Re1+ Be7 11. Kc2 Qg6+ 12. Qd3 Qxd3+ 13. Kxd3 c4+ 14. Kxc4 Na5+ 15. Kd4 b5 16. d6 0-0 17. dxe7 Re8 18. Bf4 Nc6+ 19. Kd3 Rxe7 20. Nbd2 d5 21. Rxe7 Nxe7 22. Nd4 Bb7 23. Re1 Ng6 24. Bg3 f6 25. f4 Kf7 26. f5 Ne7 27. Bd6 Re8 28. Bxe7 Rxe7 29. Rxe7+ Kxe7 30. Ne6 g6 31. fxg6 hxg6 32. Nc5 Bc8 33. Kd4 Kd6 34. b4 g5 35. Nf1 f5 36. Ne3 f4 37. Nxd5 Be6 38. Nxe6 Kxe6 39. Nc7+ Kf5 40. Nxa6 g4 41. Nc7 f3 42. gxf3 gxf3 1-0